ՀՀ Գիտությունների ազգային ակադեմիայի հիմնարար գիտական գրադարան  =   Fundamental Scientific Library of NAS RA

Тбилисская коллекция персидских фирманов = (Record no. 80970)

MARC details
000 -LEADER
fixed length control field 01178nam a2200229 a 4500
001 - CONTROL NUMBER
control field 000229833
003 - CONTROL NUMBER IDENTIFIER
control field AM-YeHGA
005 - DATE AND TIME OF LATEST TRANSACTION
control field 20250618071548.0
008 - FIXED-LENGTH DATA ELEMENTS--GENERAL INFORMATION
fixed length control field 030530s1995 ||| r 000 0 rus d
040 ## - CATALOGING SOURCE
Original cataloging agency AM-YeHGA
090 ## - LOCALLY ASSIGNED LC-TYPE CALL NUMBER (OCLC); LOCAL CALL NUMBER (RLIN)
-- 82238
245 00 - TITLE STATEMENT
Title Тбилисская коллекция персидских фирманов =
Remainder of title The Collection of Persian Farmans of Tbilisi /
Statement of responsibility, etc. Кутаис. гос. ун-т им. А. Церетели; Науч.-произв. об-ние "Мематиане" ; Центр. гос. ист. архив Грузии; Сост.: В. Путуридзе и др.; Пер. М.Тодуа; Ред. А.Д. Папазян.
246 31 - VARYING FORM OF TITLE
Title proper/short title The Collection of Persian Farmans of Tbilisi
260 ## - PUBLICATION, DISTRIBUTION, ETC.
Place of publication, distribution, etc. Кутаиси :
Name of publisher, distributor, etc. Б. и.
300 ## - PHYSICAL DESCRIPTION
Extent т.
505 10 - FORMATTED CONTENTS NOTE
Miscellaneous information Т. 1 (1995, 1124 с. : ил.)
650 14 - SUBJECT ADDED ENTRY--TOPICAL TERM
Topical term or geographic name entry element Шахские грамоты
Geographic subdivision Персия
700 1# - ADDED ENTRY--PERSONAL NAME
Personal name Путуридзе, В.
Relator term сост.
Relationship com
700 1# - ADDED ENTRY--PERSONAL NAME
Personal name Тодуа, М.
Relator term пер.
Relationship trl
700 1# - ADDED ENTRY--PERSONAL NAME
Personal name Փափազյան, Հակոբ Դավթի,
Dates associated with a name 1919-1997
Relator term ред.
Relationship edt
9 (RLIN) 1602
710 2# - ADDED ENTRY--CORPORATE NAME
Corporate name or jurisdiction name as entry element Кутаисский государственный университет им. А. Церетели
Holdings
Withdrawn status Lost status Damaged status Not for loan Collection Home library Current library Date acquired Serial enumeration / chronology Total checkouts Full call number Barcode Date last seen Price effective from Koha item type Public note
        General Fundamental Scientific Library Fundamental Scientific Library 22/12/2016 Т. 1   091(=915) 120641883 22/12/2016 22/12/2016 Գրքեր / Books 30 Days Loan


ՀՀ ԳԱԱ հիմնարար գիտական գրադարան
ՀՀ,Երևան 0019
Մարշալ Բաղրամյան 24/6
հեռախոս:(374-10) 52-47-50
Հետադարձ կապ

All site content, except where otherwise noted, is licensed under a
Creative Commons License